00785nam a2200205 a 450000100100000000500170001000800410002704000250006804100400009308200170013310000310015024500720018126000310025330000210028449000800030550400740038565000120045970000280047183000800049900002117220200930011244.0100901s1905 sp r 000 0 spa d aDO-SdBNPbspacBNPHU17aspah[fre]2Código de idioma MARC a153.1bB588m1 aBiervliet, Jules-Jean Van,13aLa memoria /cJ. J. Van Biervliet ; traducido por Martín Navarro. aMadrid :bEl Zorro,c1905. a404 p. ;c19 cm.1 aBiblioteca internacional de Psicología experimental normal y patológica aIncluye referencias bibliográficas y notas al pie de las páginas. 4aMemoria1 aNavarro, Martín,etr. 0aBiblioteca internacional de Psicología experimental normal y patológica